[Event "Andorra op 30th"]
[Site "La Massana"]
[Date "2012.07.26"]
[Round "6"]
[White "Burg, Twan"]
[Black "Castro, Jose"]
[Result "1-0"]
[WhiteElo "2470"]
[BlackElo "2252"]
[PlyCount "83"]
[EventDate "2012.07.21"]
[EventType "swiss"]
[EventRounds "9"]
[EventCountry "AND"]
[SourceTitle "CBM 149 Extra"]
[Source "ChessBase"]
[SourceDate "2012.08.24"]
[SourceVersion "1"]
[SourceVersionDate "2012.08.24"]
[SourceQuality "1"]

1. e4 c5 2. Nf3 Nc6 3. Nc3 e6 4. d4 cxd4 5. Nxd4 Nf6 6. Ndb5 d6 7. Bf4 e5 8. Bg5 a6 9. Na3 b5 10. Nd5 Be7 11. Bxf6 Bxf6 12. c4 b4 13. Nc2 0-0 14. Be2 Bg5 15. 0-0 a5 16. Qd3 Be6 17. Rfd1 Bxd5 18. cxd5 Nb8 19. Ne3 Bxe3 20. Qxe3 Nd7 21. Rac1 Nc5 22. Rxc5 dxc5 23. d6 Rc8 24. Bc4 Qb6 25. Qg5 Rce8 26. d7 Qd8 27. Bxf7+ Kxf7 28. dxe8Q+ Qxe8 29. Rd5 Kg8 30. b3 Qf7 31. f3 a4 32. Qxe5 axb3 33. axb3 Rc8 34. Kf2 Kh8 35. h4 h6 36. h5 Qa7 37. Kg3 Qf7 38. Qf5 Qc7+ 39. Qf4 Qa7 40. Qd6 Qf7 41. Qe5 Qa7 42. Rd6 1-0

[Event "Andorra op 30th"]
[Site "La Massana"]
[Date "2012.07.25"]
[Round "5"]
[White "Castro, Jose"]
[Black "Vila Gazquez, Xavier"]
[Result "1/2-1/2"]
[WhiteElo "2252"]
[BlackElo "2454"]
[PlyCount "95"]
[EventDate "2012.07.21"]
[EventType "swiss"]
[EventRounds "9"]
[EventCountry "AND"]
[SourceTitle "CBM 149 Extra"]
[Source "ChessBase"]
[SourceDate "2012.08.24"]
[SourceVersion "1"]
[SourceVersionDate "2012.08.24"]
[SourceQuality "1"]

1. e4 c5 2. Nf3 Nc6 3. d4 cxd4 4. Nxd4 Qc7 5. Nc3 e6 6. Be3 a6 7. Qd2 Nf6 8. f3 Bb4 9. a3 Be7 10. Nxc6 dxc6 11. Na4 Nd7 12. c4 b5 13. Nc3 0-0 14. Be2 Rd8 15. Qc2 b4 16. axb4 Bxb4 17. 0-0 Bd6 18. f4 e5 19. f5 Bc5 20. Bxc5 Nxc5 21. f6 Rb8 22. fxg7 Qb6 23. Rad1 Be6 24. Kh1 Nb3 25. Na4 Qb4 26. Nc3 Nd4 27. Qd3 Qxb2 28. Rd2 Qa3 29. Bd1 Rb2 30. Rxb2 Qxb2 31. c5 Qb4 32. Qg3 Qxc5 33. Bh5 Qc4 34. Qf2 Rd7 35. Nd1 Nc2 36. Be2 Qxe4 37. Bxa6 Nd4 38. Bc8 Rc7 39. Bxe6 Nxe6 40. Ne3 Nxg7 41. Qg3 Rb7 42. Ng4 Rb1 43. Nh6+ Kf8 44. Qa3+ Ke8 45. Qa8+ Ke7 46. Qa3+ Ke8 47. Qa8+ Kd7 48. Qa7+ 1/2-1/2

[Event "Andorra op 30th"]
[Site "La Massana"]
[Date "2012.07.23"]
[Round "3"]
[White "Castro, Jose"]
[Black "Alonso Rosell, Alvar"]
[Result "0-1"]
[WhiteElo "2252"]
[BlackElo "2502"]
[PlyCount "102"]
[EventDate "2012.07.21"]
[EventType "swiss"]
[EventRounds "9"]
[EventCountry "AND"]
[SourceTitle "CBM 149 Extra"]
[Source "ChessBase"]
[SourceDate "2012.08.24"]
[SourceVersion "1"]
[SourceVersionDate "2012.08.24"]
[SourceQuality "1"]

1. e4 d5 2. exd5 Qxd5 3. Nc3 Qd6 4. g3 g6 5. Bg2 Bg7 6. Nf3 Nf6 7. 0-0 0-0 8. d4 c6 9. Bf4 Qb4 10. Qc1 Nd5 11. a3 Qb6 12. Nxd5 cxd5 13. Bxb8 Rxb8 14. Re1 Qd6 15. Qe3 Bf5 16. Qxe7 Qxe7 17. Rxe7 Bxc2 18. Ne5 Be4 19. f3 Bf6 20. Rd7 Bf5 21. Rxd5 Be6 22. Ra5 Bd8 23. Rb5 Bb6 24. Rd1 Rfd8 25. Rxb6 axb6 26. f4 f6 27. Nf3 Rbc8 28. Ne1 Rc7 29. Kf2 Bb3 30. Rd3 Bd5 31. Bf1 Rc1 32. Rd2 Be4 33. Bg2 Re8 34. Re2 f5 35. Nd3 Rd1 36. Bxe4 Rxe4 37. Rxe4 fxe4 38. Ne5 Rd2+ 39. Ke3 Rxh2 40. d5 Rxb2 41. d6 Kf8 42. Kxe4 Rd2 43. Nc4 Rd1 44. a4 Kf7 45. Ke5 Re1+ 46. Kd5 Rd1+ 47. Ke5 Rg1 48. Nxb6 Rxg3 49. Nd7 Ra3 50. Nc5 b6 51. Ne4 Re3 0-1